000
00206 a2200097 4500
001
2590
100
_a
Bartok, S
245
_a
The naked fall minutes
260
_a
_b
Simon & schuster
_c
090
_c
1887
_d
1887
942
_a
NUST-CAE
_c
M
_c
9857
999
_c
237663
_d
237663